000 00282nam a2200121Ia 4500
008 190216s9999||||xx |||||||||||||| ||und||
100 _aCalvin C Clawson
245 4 _aThe Mathematical Traveler
260 _bViva Book
_c2008
300 _a302
650 _aMathematics
942 _cBK
999 _c32244
_d32244